| 000 | 00000nam##2200000za#4500 |
| 001 | 9.578170 |
| 003 | CaOODSP |
| 005 | 20210624185947 |
| 007 | cr ||||||||||| |
| 008 | 150406|2014||||xxc|||||o f|0| 0 eng|d |
| 020 | |a978-1-100-22959-1 |
| 040 | |aCaOODSP|beng |
| 043 | |an-cn--- |
| 086 | 1 |aFs22-4/14-1-2014E-PDF |
| 110 | 1 |aCanada. |bDepartment of Fisheries and Oceans. |
| 245 | 14|aThe Pugnose Minnow : |h[electronic resource]|ba species at risk in Canada |
| 260 | |aWinnipeg - Manitoba : |bFisheries and Oceans Canada |cc2013. |
| 300 | |a4p.|billus., map |
| 490 | 1 |aAquatic species at risk |
| 590 | |a15-12|b2015-03-20 |
| 775 | 08|tLe petit-bec : |w(CaOODSP)9.629135 |
| 830 | #0|aAquatic species at risk.|w(CaOODSP)9.504828 |
| 856 | 40|ahttp://publications.gc.ca|qPDF|s1099 KB|uhttps://publications.gc.ca/collections/collection_2015/mpo-dfo/Fs22-4-14-1-2014-eng.pdf |
| 986 | |aDFO/2013-1908 |